| 000 | 00380pab a2200157 454500 | ||
|---|---|---|---|
| 008 | 180718b2008 xxu||||| |||| 00| 0 eng d | ||
| 100 | _aMahabir, Kumar | ||
| 245 | _aIntroduction: an overview of Indian diaspora in the Caribbean | ||
| 260 | _c2008 | ||
| 300 | _ap.1-4. | ||
| 362 | _aJan-Mar | ||
| 650 | _aImmigrants | ||
| 773 | _aMan in India | ||
| 908 | _aN | ||
| 909 | _a78314 | ||
| 999 |
_c78314 _d78314 |
||